000 00328 a2200157 4500
001 61113
020 _a0138298629
040 _cAnchieta - Pituba
100 _aWarshawsky, Diane
240 1 0 _aSpectrum 1
_lIng
245 1 0 _aSpectrum 1
300 _a167
362 0 _a1992
650 4 _aInglês e inglês antigo
942 _cBK
999 _c61113
_d61113